00343nam a2200145Ia 4500008004100000020001800041041000800059082001500067100001900082245003200101250000600133260003100139300001200170650001500182210716s2003 xx 000 0 und d a9780340859629 aeng a158.3 MILA aMilne, Aileen. aTeach yourself counselling. a1 aLondonbMc Graw Hillc2003 axii,276 aPsychology